000 01294nam a2200313 i 4500
003 DO-SdBNP
005 20250206101005.0
007 ta
008 240627s2023 dr c 000 j spa d
020 _a9788419614650
020 _a9788419612687 (eBook)
040 _aDO-SdBNP
_bspa
_cBNPHU
_erda
082 _bA162
_222
100 1 _aDisla, Edwin,
_d1961-
_eautor
_928921
245 1 0 _abiografía de un Águila /
_cPedro Julio Abreu Columna ; prólogo Julia Abreu, Emmanuel Abreu
264 1 _aSanto Domingo :
_bUniverso de letras,
_c2023.
300 _a311 páginas,
_bretratos
_c24 cm.
336 _2rdacontent
_atexto
_btxt
337 _2rdamedia
_asin mediación
_bn
338 _2rdacarrier
_avolumen
_bnc
500 _aIncluye datos biografícos del autor en la solapa de la portada.
504 _aBibliografía p: 309-311.
520 _aLa historia trata sobre la vida de un forjador de un mundo mejor. Inspirado en el rey Salomón. Ha tenido que enfrentar las dificultades que presenta la vida, pero finalmente, ha podido volar alto como el águila en su recorrido por los continentes del mundo.
590 _aInventariado, 2024/ YL
700 _aAbreu, Julia
_eprólogo
_985881
700 _aAbreu, Emmanuel
_eprólogo
_985882
910 _aYLockward
942 _2ddc
_cLBS1
999 _c57042
_d57042